| 000 | 00532nam a2200205Ia 4500 | ||
|---|---|---|---|
| 005 | 20240418143820.0 | ||
| 008 | 131103s9999 xx 000 0 und d | ||
| 020 | _a8182050499 | ||
| 040 | _aLoreto College | ||
| 041 | _aEnglish | ||
| 082 |
_a370.1 _bPAN |
||
| 245 |
_aDigital technologies and teaching strategies _cEdited by V.C.Pandey |
||
| 260 |
_aNew Delhi _bIsha books _c2005 |
||
| 300 | _avii,310p. | ||
| 504 | _aIncludes index | ||
| 650 | _aEducation | ||
| 700 | _aPandey, V.C; ed. | ||
| 850 | _aLCBED | ||
| 942 | _cBK | ||
| 999 |
_c26403 _d76882 |
||